| 000 | 00857nam a2200229 a 4500 | ||
|---|---|---|---|
| 001 | 65116 | ||
| 003 | BD-RjUL | ||
| 005 | 20211209081404.0 | ||
| 008 | 170227s2005 b ||||| |||| 00| 0 eng d | ||
| 020 | _a98444516603 | ||
| 035 | _a(BD-RjUL)65246 | ||
| 040 |
_aBD-RjUL _bben _cBD-RjUL _dBD-RjUL |
||
| 041 | _aben | ||
| 082 |
_223 _a891.441 _bCHK 2005 |
||
| 100 |
_aচৌধুরী মাহবুব উল আলম _9188670 |
||
| 245 |
_aকাঁদতে আসিনি ফাঁসির দাবী নিয়ে এসেছি / _cমাহবুব উল আলম চৌধুরী |
||
| 260 |
_aঢাকা : _bপালক পাবলশিার্স, _c২০০৫ |
||
| 300 |
_a৭৭ পৃ ; _c২৪ সেমি. |
||
| 650 |
_aবাংলা কবিতা _9179513 |
||
| 650 |
_aBengali poetry _9179514 |
||
| 942 |
_2ddc _cBK |
||
| 999 |
_c65116 _d65116 |
||